Loading...

An introduction to linguistics for language teachers

Bibliographic Details
Main Author: Krishnaswamy, N.
Format: Printed Book
Language:English
Published: Bombay, Somaiya Publications [c1971]
Subjects:
LEADER 00883cam a2200229 4500
008 730723s1971 ii b 001 0 eng
010 |a  72904675  
082 0 0 |a 410 KRI/I 
100 1 |a Krishnaswamy, N., 
245 1 3 |a An introduction to linguistics for language teachers  |c [by] N. Krishnaswamy. 
260 |a Bombay,  |b Somaiya Publications  |c [c1971] 
300 |a x, 232 p.  |c 25 cm. 
350 |a Rs30.00 
500 |a Running title: Linguistics for language teachers. 
504 |a Bibliography: p. 228. 
650 0 |a Applied linguistics. 
650 0 |a Language and languages  |x Study and teaching. 
740 |a Linguistics for language teachers. 
906 |a 7  |b cbc  |c orignew  |d 4  |e ncip  |f 19  |g y-gencatlg 
942 |2 ddc  |c BK 
999 |c 195023  |d 195023 
952 |0 0  |1 0  |4 0  |6 410_000000000000000_KRI_I  |7 0  |9 215413  |a ENG  |b ENG  |c ST1  |d 2016-12-24  |i 8581  |l 0  |o 410 KRI/I  |p ENG8581  |r 2016-12-24  |w 2016-12-24  |y BK